[Event "17. Europa ch Juvenil - Masculino s16"]
[Site "Sibenik CRO"]
[Date "2007.09.21"]
[Round "8.26"]
[White "Arslanov, Shamil"]
[Black "Plaskan, Jure"]
[Result "1-0"]
[WhiteElo "2266"]
[BlackElo "2061"]
[PlyCount "173"]
[EventDate "2007.09.14"]
[EventType "swiss"]
[EventRounds "9"]
[EventCountry "CRO"]
[Source "lmi"]
[SourceDate "2007.09.14"]

1. e4 c5 2. d4 cxd4 3. c3 Nf6 4. e5 Nd5 5. Nf3 Nc6 6. cxd4 d6 7. Bc4 Nb6 8. Bb3
dxe5 9. d5 Na5 10. Nc3 Nxb3 11. Qxb3 e6 12. Nxe5 Nxd5 13. Qb5+ Bd7 14. Qxb7 Qc8
15. Qxd7+ Qxd7 16. Nxd7 Kxd7 17. Nxd5 exd5 18. O-O Bc5 19. Rd1 Kc6 20. b3 Rhe8
21. Kf1 d4 22. Bb2 Kd5 23. Rd3 a5 24. Rad1 Re4 25. f3 Rh4 26. Kg1 Re8 27. g3
Rxh2 28. Kxh2 Re2+ 29. Kh3 Rxb2 30. R3d2 Rxd2 31. Rxd2 Bb4 32. Rd1 Kc5 33. Kg2
Bc3 34. Kf2 Kb4 35. Ke2 Ka3 36. Kd3 Kxa2 37. Kc4 Kb2 38. Rh1 h6 39. Rh2+ Kc1
40. g4 Kd1 41. Kd3 Ke1 42. f4 f6 43. f5 Kf1 44. Re2 Bb4 45. Re8 Bd6 46. Kxd4
Kf2 47. Ke4 Kg3 48. Rg8 Bf4 49. Rxg7 Bd2 50. Rf7 Bc3 51. Rh7 Bd2 52. Rg7 Bf4
53. Ra7 Kxg4 54. Rxa5 h5 55. Ra6 Bg5 56. Ra1 Bf4 57. Rg1+ Bg3 58. Kd5 Kf3 59.
Ke6 Be5 60. Rh1 Kg4 61. Re1 Bb2 62. Re2 Ba1 63. Re1 Bb2 64. b4 h4 65. b5 h3 66.
b6 h2 67. b7 Be5 68. Rxe5 h1=Q 69. b8=Q fxe5 70. Qb4+ Kg5 71. Qd2+ Kg4 72. Qe2+
Kg5 73. Qe3+ Kg4 74. f6 Qc6+ 75. Kf7 Qd7+ 76. Kg6 Qf5+ 77. Kg7 e4 78. Qg1+ Kh5
79. Qg3 Qd7+ 80. f7 Qd4+ 81. Kh7 Qd7 82. Qe5+ Kh4 83. Qxe4+ Kh5 84. Qe5+ Kh4
85. Qf4+ Kh5 86. Kh8 Qe7 87. Qf5+ 1-0

[Event "17. Europa ch Juvenil - Masculino s16"]
[Site "Sibenik CRO"]
[Date "2007.09.21"]
[Round "8.27"]
[White "Baron, Tal"]
[Black "Thorgeirsson, Sverrir"]
[Result "1/2-1/2"]
[WhiteElo "2232"]
[BlackElo "2064"]
[PlyCount "45"]
[EventDate "2007.09.14"]
[EventType "swiss"]
[EventRounds "9"]
[EventCountry "CRO"]
[Source "lmi"]
[SourceDate "2007.09.14"]

1. e4 e6 2. d4 d5 3. Nc3 Nf6 4. e5 Nfd7 5. Nce2 c5 6. c3 Nc6 7. f4 Be7 8. Nf3
f6 9. Ng3 cxd4 10. cxd4 Qb6 11. Bd3 O-O 12. a3 g5 13. Bc2 g4 14. Nh4 f5 15.
Nhxf5 exf5 16. Nxf5 Kh8 17. Qxg4 Rg8 18. Qh5 Nf8 19. Nh6 Rxg2 20. Nf7+ Kg8 21.
Nh6+ Kh8 22. Nf7+ Kg8 23. Nh6+ 1/2-1/2

[Event "17. Europa ch Juvenil - Masculino s16"]
[Site "Sibenik CRO"]
[Date "2007.09.21"]
[Round "8.28"]
[White "Hohluks, Aleksandrs"]
[Black "Anton, Teodor"]
[Result "0-1"]
[WhiteElo "2056"]
[BlackElo "2212"]
[PlyCount "144"]
[EventDate "2007.09.14"]
[EventType "swiss"]
[EventRounds "9"]
[EventCountry "CRO"]
[Source "lmi"]
[SourceDate "2007.09.14"]

1. d4 Nf6 2. Nf3 e6 3. Bf4 c5 4. e3 cxd4 5. exd4 b6 6. c3 Be7 7. Bd3 O-O 8.
Nbd2 Ba6 9. Nc4 Nd5 10. Bd2 d6 11. Qe2 Qc7 12. Na3 Bxd3 13. Qxd3 a6 14. Nc2 b5
15. O-O Nc6 16. Ne3 Nf4 17. Qc2 Rfc8 18. g3 Nh3+ 19. Kg2 Ng5 20. Nxg5 Bxg5 21.
f4 Be7 22. Qe4 d5 23. Qf3 Rf8 24. f5 Qd7 25. Qh5 g6 26. fxg6 fxg6 27. Qh3 Bg5
28. Qg4 Bxe3 29. Bxe3 Na5 30. Bh6 Rf5 31. Rae1 Re8 32. Qe2 Rxf1 33. Qxf1 Nc4
34. Qf6 Qf7 35. Qxf7+ Kxf7 36. Rf1+ Kg8 37. b3 Nd6 38. Re1 Kf7 39. Bf4 Ne4 40.
c4 Rc8 41. c5 Ke7 42. Rf1 b4 43. Ra1 g5 44. Be3 Rb8 45. Rh1 Rg8 46. Kf3 Rf8+
47. Kg2 Kd7 48. h4 g4 49. Bf4 a5 50. a3 Ra8 51. a4 Rf8 52. Rc1 Kc6 53. Rc2 h5
54. Rc1 Rf5 55. Kg1 Rf8 56. Kg2 Rf7 57. Kg1 e5 58. dxe5 Nc3 59. Re1 Re7 60. Bg5
Re6 61. Bd8 d4 62. Bxa5 Kxc5 63. Bc7 d3 64. Bd6+ Rxd6 65. exd6 d2 66. Rf1 Kxd6
67. Kf2 d1=Q 68. Rxd1+ Nxd1+ 69. Ke2 Nc3+ 70. Kd3 Na2 71. Kd4 Kc6 72. Kc4 Kb6
0-1

[Event "17. Europa ch Juvenil - Masculino s16"]
[Site "Sibenik CRO"]
[Date "2007.09.21"]
[Round "8.30"]
[White "Moltsanov, Ivan"]
[Black "Ivekovic, Zvonimir"]
[Result "0-1"]
[WhiteElo "2003"]
[BlackElo "2161"]
[PlyCount "78"]
[EventDate "2007.09.14"]
[EventType "swiss"]
[EventRounds "9"]
[EventCountry "CRO"]
[Source "lmi"]
[SourceDate "2007.09.14"]

1. e4 c5 2. d3 Nc6 3. f4 g6 4. g3 Bg7 5. Bg2 d6 6. Nf3 e6 7. O-O Nge7 8. c3 O-O
9. Be3 f5 10. Nbd2 Rb8 11. Re1 h6 12. Qc2 b6 13. Bf2 e5 14. Rad1 Kh7 15. Nc4
Qc7 16. Ne3 Be6 17. Nh4 Rbc8 18. Nd5 Qd7 19. c4 Bxd5 20. exd5 Nd4 21. Bxd4 cxd4
22. Qf2 g5 23. Nf3 g4 24. Nd2 a5 25. Nb3 Ng6 26. Nc1 h5 27. Ne2 h4 28. Bh1 Bh6
29. Rf1 h3 30. Rde1 Qa4 31. Nc1 Rce8 32. Re2 exf4 33. gxf4 Nxf4 34. Rxe8 Rxe8
35. Re1 Rxe1+ 36. Qxe1 Qc2 37. Qe7+ Bg7 38. Qh4+ Kg6 39. Qe1 Qxc1 0-1

[Event "17. Europa ch Juvenil - Masculino s16"]
[Site "Sibenik CRO"]
[Date "2007.09.21"]
[Round "8.31"]
[White "Veszpremi, Andras"]
[Black "Krivec, Sandi"]
[Result "1-0"]
[WhiteElo "2150"]
[BlackElo "2003"]
[PlyCount "105"]
[EventDate "2007.09.14"]
[EventType "swiss"]
[EventRounds "9"]
[EventCountry "CRO"]
[Source "lmi"]
[SourceDate "2007.09.14"]

1. e4 c5 2. Nf3 Nc6 3. d4 cxd4 4. Nxd4 g6 5. Nc3 Bg7 6. Be3 Nf6 7. Bc4 Qa5 8.
O-O O-O 9. Nb3 Qc7 10. Re1 d6 11. Bf1 b6 12. Nd4 Nxd4 13. Bxd4 Bb7 14. Nd5 Bxd5
15. exd5 a6 16. c4 Rfe8 17. Qd3 Rab8 18. b4 Qd7 19. Rac1 b5 20. c5 dxc5 21.
Rxc5 Red8 22. Be5 Rb7 23. Qd4 Ne8 24. Bxg7 Nxg7 25. Qe4 Ne8 26. Rd1 Nf6 27. Qf3
Rb6 28. g3 Qf5 29. Bg2 Qxf3 30. Bxf3 Rbd6 31. Rc6 e6 32. Rxd6 Rxd6 33. dxe6
Rxd1+ 34. Bxd1 fxe6 35. Kf1 Nd5 36. a3 Kf7 37. Ke1 Kf6 38. Kd2 Ke5 39. Kd3 g5
40. Bf3 h6 41. Bg2 h5 42. Bf3 h4 43. Bg2 hxg3 44. hxg3 g4 45. Bxd5 exd5 46. f4+
gxf3 47. Ke3 d4+ 48. Kxf3 Kd5 49. Ke2 Kc4 50. Kd2 Kb3 51. g4 Kxa3 52. g5 a5 53.
bxa5 1-0

[Event "17. Europa ch Juvenil - Masculino s16"]
[Site "Sibenik CRO"]
[Date "2007.09.21"]
[Round "8.32"]
[White "Ter Schegget, Bram"]
[Black "Muheim, Sebastian"]
[Result "1-0"]
[WhiteElo "2129"]
[BlackElo "2005"]
[PlyCount "95"]
[EventDate "2007.09.14"]
[EventType "swiss"]
[EventRounds "9"]
[EventCountry "CRO"]
[Source "lmi"]
[SourceDate "2007.09.14"]

1. e4 e5 2. Bc4 Nf6 3. d3 c6 4. Nf3 d5 5. Bb3 a5 6. a4 Bd6 7. Nc3 d4 8. Ne2 O-O
9. Bg5 h6 10. Bh4 Na6 11. c3 dxc3 12. bxc3 Nc5 13. Bc2 Bg4 14. h3 Bxf3 15. gxf3
Ne6 16. Rg1 c5 17. Qd2 Kh8 18. Ng3 Nf4 19. Nf5 g5 20. Bg3 Kh7 21. Bxf4 gxf4 22.
Rg7+ Kh8 23. Ke2 Nh5 24. Rg2 Qf6 25. Rag1 Rg8 26. Bb3 Rxg2 27. Rxg2 Rg8 28.
Rxg8+ Kxg8 29. Bd5 Ng7 30. Nxg7 Qxg7 31. Qb2 Kh7 32. Qxb7 Kg6 33. Qd7 Qf6 34.
Bxf7+ Qxf7 35. Qxd6+ Kh7 36. c4 Qb7 37. Qxe5 Qb1 38. Qxc5 Qc2+ 39. Kf1 Qxa4 40.
e5 Qd1+ 41. Kg2 Qxd3 42. Qe7+ Kg8 43. e6 Qg6+ 44. Kh2 Qc2 45. Qf7+ Kh8 46. Kg2
Qxc4 47. Qf8+ Kh7 48. e7 1-0

[Event "17. Europa ch Juvenil - Masculino s16"]
[Site "Sibenik CRO"]
[Date "2007.09.21"]
[Round "8.35"]
[White "Silva, Miguel Alexandre Go"]
[Black "Ivanov L, Stojan"]
[Result "1/2-1/2"]
[WhiteElo "1999"]
[BlackElo "2149"]
[PlyCount "43"]
[EventDate "2007.09.14"]
[EventType "swiss"]
[EventRounds "9"]
[EventCountry "CRO"]
[Source "lmi"]
[SourceDate "2007.09.14"]

1. e4 c5 2. Nf3 d6 3. d4 cxd4 4. Qxd4 Nc6 5. Bb5 Bd7 6. Bxc6 Bxc6 7. Nc3 Nf6 8.
Bg5 e6 9. O-O-O Be7 10. Rhe1 Qa5 11. Nd5 Bxd5 12. exd5 Qxa2 13. Re3 e5 14. Nxe5
dxe5 15. Qxe5 O-O 16. Qxe7 Nxd5 17. Qa3 Qc4 18. Rg3 Nf4 19. Bxf4 Qxf4+ 20. Qe3
Qf5 21. Qg5 Qg6 22. Qe5 1/2-1/2

[Event "17. Europa ch Juvenil - Masculino s16"]
[Site "Sibenik CRO"]
[Date "2007.09.21"]
[Round "8.36"]
[White "Kurkijarvi, Mikko"]
[Black "Pomaro, Alberto"]
[Result "0-1"]
[WhiteElo "1970"]
[BlackElo "2149"]
[PlyCount "116"]
[EventDate "2007.09.14"]
[EventType "swiss"]
[EventRounds "9"]
[EventCountry "CRO"]
[Source "lmi"]
[SourceDate "2007.09.14"]

1. e4 e6 2. d4 d5 3. e5 c5 4. c3 Nc6 5. Be3 Qb6 6. Qd2 Nh6 7. Nf3 Bd7 8. Bd3
cxd4 9. cxd4 Nb4 10. Be2 Bb5 11. Nc3 Bxe2 12. Qxe2 Nf5 13. O-O Nc6 14. Rac1 Be7
15. Qb5 Qxb5 16. Nxb5 Kd7 17. g4 Nxe3 18. fxe3 a6 19. Nd6 Bxd6 20. exd6 f6 21.
g5 Kxd6 22. gxf6 gxf6 23. Rc3 Rhg8+ 24. Kh1 Rg4 25. Rb3 b5 26. Ne1 Rg6 27. Nd3
e5 28. dxe5+ fxe5 29. Rc3 Ne7 30. Rf7 Rag8 31. Rc1 R8g7 32. Rf8 Rg8 33. Rf7
R8g7 34. Rf8 Nc6 35. Rxc6+ Kxc6 36. Nxe5+ Kc5 37. Nxg6 Rxg6 38. Rc8+ Kb4 39.
Rc3 Rg4 40. h3 Rc4 41. Rb3+ Kc5 42. Kg2 a5 43. Kf3 a4 44. Rd3 Rc2 45. b4+ Kxb4
46. a3+ Kc4 47. Rd4+ Kc5 48. Rd3 Rc4 49. Kg3 Kd6 50. Kf3 Ke5 51. Rd1 Rc3 52.
Rb1 Rb3 53. Ra1 d4 54. Kg4 Rxe3 55. Rf1 d3 56. Rf5+ Kd4 57. Rxb5 d2 58. Rb7
d1=Q+ 0-1

[Event "17. Europa ch Juvenil - Masculino s16"]
[Site "Sibenik CRO"]
[Date "2007.09.21"]
[Round "8.37"]
[White "Jefic, Srdjan"]
[Black "Vranar, Viktor"]
[Result "1-0"]
[WhiteElo "2103"]
[BlackElo "1729"]
[PlyCount "130"]
[EventDate "2007.09.14"]
[EventType "swiss"]
[EventRounds "9"]
[EventCountry "CRO"]
[Source "lmi"]
[SourceDate "2007.09.14"]

1. e4 c5 2. Nc3 g6 3. f4 e6 4. Nf3 Bg7 5. d3 Ne7 6. g3 Nbc6 7. Bg2 O-O 8. O-O
d5 9. e5 f6 10. exf6 Bxf6 11. Ne2 b6 12. c3 Ba6 13. Be3 Qd7 14. Re1 Rfe8 15. d4
Nf5 16. Bf2 Bxe2 17. Rxe2 cxd4 18. cxd4 Qg7 19. Ne5 Nxe5 20. dxe5 Be7 21. Rc1
Rec8 22. Rec2 Qf8 23. Qd3 Bc5 24. Bxc5 bxc5 25. Qa3 Nd4 26. Rf2 Rc7 27. Qd3 Qf5
28. Qd1 Rac8 29. g4 Qf8 30. Qd3 Rf7 31. Rcf1 Kh8 32. Kh1 Rb8 33. b3 Rb4 34. Bh3
Nc6 35. Qg3 Re4 36. f5 exf5 37. gxf5 Nxe5 38. fxg6 Rxf2 39. Rxf2 Qg7 40. gxh7
Re1+ 41. Kg2 Qxg3+ 42. hxg3 Kxh7 43. Rc2 c4 44. Be6 cxb3 45. axb3 d4 46. Rd2 d3
47. Bf5+ Kh6 48. Bxd3 Nxd3 49. Rxd3 Rb1 50. Kf3 a5 51. Ke4 Kg5 52. Kd5 Rc1 53.
Re3 Kg4 54. Kd4 Rc2 55. Rc3 Ra2 56. Kc4 Ra3 57. Re3 a4 58. Re4+ Kxg3 59. b4 Kf3
60. Re1 Kf4 61. Re8 Rb3 62. Ra8 Ke5 63. Rxa4 Rb1 64. Ra6 Rc1+ 65. Kb5 Kd4 1-0

[Event "17. Europa ch Juvenil - Masculino s16"]
[Site "Sibenik CRO"]
[Date "2007.09.21"]
[Round "8.39"]
[White "Stocko, Josip"]
[Black "Kuchynka, Lukas"]
[Result "1-0"]
[WhiteElo "1874"]
[BlackElo "2180"]
[PlyCount "63"]
[EventDate "2007.09.14"]
[EventType "swiss"]
[EventRounds "9"]
[EventCountry "CRO"]
[Source "lmi"]
[SourceDate "2007.09.14"]

1. d4 Nf6 2. Nf3 g6 3. Bg5 Bg7 4. e3 O-O 5. h3 d6 6. Be2 h6 7. Bf4 b6 8. O-O
Bb7 9. c4 Nbd7 10. Nc3 Ne4 11. Rc1 Nxc3 12. Rxc3 e5 13. Bh2 e4 14. Nd2 f5 15.
b4 Qe7 16. c5 Nf6 17. cxd6 cxd6 18. Qb3+ Nd5 19. Bc4 Qe6 20. Rc2 Rac8 21. b5 f4
22. Bxf4 Kh7 23. Qa3 Rxf4 24. Bxd5 Qxd5 25. Rxc8 Bxc8 26. exf4 Bxd4 27. Qb3 Qf5
28. Qc4 Qc5 29. Qxc5 bxc5 30. Nxe4 d5 31. Nxc5 Bxh3 32. Nb3 1-0

[Event "17. Europa ch Juvenil - Masculino s16"]
[Site "Sibenik CRO"]
[Date "2007.09.21"]
[Round "8.40"]
[White "Sucic, Mihael"]
[Black "Bekarovski, Filip"]
[Result "0-1"]
[WhiteElo "1967"]
[BlackElo "1950"]
[PlyCount "42"]
[EventDate "2007.09.14"]
[EventType "swiss"]
[EventRounds "9"]
[EventCountry "CRO"]
[Source "lmi"]
[SourceDate "2007.09.14"]

1. d4 Nf6 2. c4 g6 3. Nc3 Bg7 4. e4 d6 5. f4 O-O 6. Nf3 Na6 7. Be2 e5 8. O-O
exd4 9. Nxd4 Re8 10. Bf3 Nc5 11. Re1 a5 12. h3 Nfd7 13. Be3 Nb6 14. b3 a4 15.
Qc2 f5 16. exf5 Rxe3 17. Rxe3 Bxd4 18. Qe2 Qe7 19. Re1 Qxe3+ 20. Qxe3 Bxe3+ 21.
Rxe3 Bxf5 0-1

[Event "17. Europa ch Juvenil - Masculino s16"]
[Site "Sibenik CRO"]
[Date "2007.09.21"]
[Round "8.41"]
[White "Lugovskoy, Dmitriy"]
[Black "Boje, Tobias"]
[Result "1/2-1/2"]
[WhiteElo "1964"]
[BlackElo "1931"]
[PlyCount "54"]
[EventDate "2007.09.14"]
[EventType "swiss"]
[EventRounds "9"]
[EventCountry "CRO"]
[Source "lmi"]
[SourceDate "2007.09.14"]

1. d4 d5 2. Nf3 Nf6 3. c4 e6 4. g3 c5 5. cxd5 exd5 6. Bg2 Nc6 7. Nc3 cxd4 8.
Nxd4 Bb4 9. O-O O-O 10. Nxc6 bxc6 11. Qc2 Re8 12. Na4 Qd7 13. Be3 Ba6 14. Bf3
Bb5 15. Nc5 Bxc5 16. Qxc5 Ne4 17. Qc2 Rab8 18. Rfd1 Qb7 19. Rac1 a5 20. Bxe4
Rxe4 21. Rd4 Rbe8 22. Rxe4 Rxe4 23. Qc3 a4 24. Qa5 h6 25. Qc3 Rc4 26. Qe5 Rxc1+
27. Bxc1 Bc4 1/2-1/2

[Event "17. Europa ch Juvenil - Masculino s16"]
[Site "Sibenik CRO"]
[Date "2007.09.23"]
[Round "9.1"]
[White "Rasulov, Vugar"]
[Black "Feller, Sebastien"]
[Result "1/2-1/2"]
[WhiteElo "2297"]
[BlackElo "2476"]
[PlyCount "39"]
[EventDate "2007.09.14"]
[EventType "swiss"]
[EventRounds "9"]
[EventCountry "CRO"]
[Source "lmi"]
[SourceDate "2007.09.14"]

1. e4 c5 2. Nf3 Nc6 3. d4 cxd4 4. Nxd4 e5 5. Nb5 a6 6. Nd6+ Bxd6 7. Qxd6 Qf6 8.
Qxf6 Nxf6 9. Nc3 d6 10. Bg5 Be6 11. O-O-O Ke7 12. Nd5+ Bxd5 13. exd5 Nb8 14.
Be2 Nbd7 15. c4 b5 16. cxb5 axb5 17. Kb1 h6 18. Bxf6+ Nxf6 19. Bxb5 Ne4 20. Rc1
1/2-1/2

[Event "17. Europa ch Juvenil - Masculino s16"]
[Site "Sibenik CRO"]
[Date "2007.09.23"]
[Round "9.2"]
[White "Onischuk, Vladimir"]
[Black "Leniart, Arkadiusz"]
[Result "1-0"]
[WhiteElo "2506"]
[BlackElo "2357"]
[PlyCount "83"]
[EventDate "2007.09.14"]
[EventType "swiss"]
[EventRounds "9"]
[EventCountry "CRO"]
[Source "lmi"]
[SourceDate "2007.09.14"]

1. e4 e6 2. d4 d5 3. Nc3 Bb4 4. e5 Ne7 5. a3 Bxc3+ 6. bxc3 c5 7. Qg4 O-O 8. Bd3
Qa5 9. Bd2 Nbc6 10. Nf3 f5 11. exf6 Rxf6 12. Qh5 Nf5 13. g4 c4 14. gxf5 cxd3
15. Rg1 Bd7 16. Qg5 Rf7 17. f6 Qd8 18. Ne5 Nxe5 19. dxe5 dxc2 20. Be3 Qc7 21.
Kd2 Bb5 22. Bd4 Qc4 23. Qe3 b6 24. Rac1 Rc8 25. f4 Re8 26. h4 Kh8 27. h5 Bd7
28. Rg5 Bb5 29. Rg2 Bd7 30. Rgg1 Bb5 31. Qf3 Bd7 32. Rg3 Bb5 33. Qg2 Ba6 34.
Rg1 Qa2 35. Rc1 Qc4 36. a4 Qxa4 37. Rxg7 Ref8 38. Rg1 Qe8 39. Kxc2 Bc4 40. Kd2
Ba6 41. Ke3 Qc8 42. Qc2 1-0

[Event "17. Europa ch Juvenil - Masculino s16"]
[Site "Sibenik CRO"]
[Date "2007.09.23"]
[Round "9.4"]
[White "Pavlidis, Anastasios"]
[Black "Martinovic, Sasa"]
[Result "1/2-1/2"]
[WhiteElo "2182"]
[BlackElo "2371"]
[PlyCount "105"]
[EventDate "2007.09.14"]
[EventType "swiss"]
[EventRounds "9"]
[EventCountry "CRO"]
[Source "lmi"]
[SourceDate "2007.09.14"]

1. d4 Nf6 2. c4 g6 3. Nc3 Bg7 4. e4 d6 5. Nf3 O-O 6. h3 e5 7. dxe5 dxe5 8. Qxd8
Rxd8 9. Bg5 c6 10. Nxe5 Re8 11. O-O-O h6 12. Bf4 Na6 13. Bh2 Nc5 14. Bd3 Nh7
15. Nf3 Be6 16. e5 Nxd3+ 17. Rxd3 Bxc4 18. Rd7 Rab8 19. Rhd1 Be6 20. Rc7 Nf8
21. Nd4 Rec8 22. Nxe6 Nxe6 23. Rxc8+ Rxc8 24. Ne4 Rd8 25. Rxd8+ Nxd8 26. f4 h5
27. Bg1 Bh6 28. Be3 Ne6 29. g3 h4 30. Nf6+ Kh8 31. Ng4 Bf8 32. gxh4 b6 33. Kc2
Kg7 34. Kd3 Be7 35. Ke4 Bxh4 36. f5 gxf5+ 37. Kxf5 c5 38. a4 a6 39. Ke4 b5 40.
axb5 axb5 41. Kd5 c4 42. Bd2 Kg6 43. Ne3 Nf4+ 44. Kc6 Nd3 45. Kxb5 Nxb2 46.
Nxc4 Nxc4 47. Kxc4 Kf5 48. Kd5 Bg3 49. Bc3 Bf4 50. h4 Bg3 51. h5 Kg5 52. h6
Kxh6 53. e6 1/2-1/2

[Event "17. Europa ch Juvenil - Masculino s16"]
[Site "Sibenik CRO"]
[Date "2007.09.23"]
[Round "9.5"]
[White "Salgado Lopez, Ivan"]
[Black "Huschenbeth, Niclas"]
[Result "1/2-1/2"]
[WhiteElo "2456"]
[BlackElo "2306"]
[PlyCount "104"]
[EventDate "2007.09.14"]
[EventType "swiss"]
[EventRounds "9"]
[EventCountry "CRO"]
[Source "lmi"]
[SourceDate "2007.09.14"]

1. e4 c5 2. Nf3 d6 3. d4 cxd4 4. Nxd4 Nf6 5. Nc3 Nc6 6. Bg5 Bd7 7. Qd2 Rc8 8.
f4 Nxd4 9. Qxd4 Qa5 10. e5 dxe5 11. fxe5 e6 12. O-O-O Bc6 13. Nb5 Bxb5 14. exf6
Bc6 15. h4 g6 16. Bc4 Bc5 17. Qg4 h5 18. Qe2 O-O 19. Rh3 Bb6 20. Rg3 Rfd8 21.
Bd2 Qf5 22. Rf1 Qe4 23. Qxh5 Rxd2 24. Kxd2 Be3+ 25. Rxe3 gxh5 26. Rxe4 Bxe4 27.
b3 Kh7 28. Rf4 Rd8+ 29. Kc3 Bf5 30. Rd4 Rxd4 31. Kxd4 Bxc2 32. b4 Kg6 33. Ke5
b6 34. Be2 Bf5 35. g3 Bb1 36. a3 Bf5 37. b5 Bc2 38. Kd6 Kxf6 39. Kc7 e5 40. Kb7
e4 41. Bxh5 Ba4 42. Be2 Bc2 43. Bg4 Ba4 44. Ka6 Kg6 45. Be2 Bc2 46. a4 Bxa4 47.
Kxa7 Bc2 48. Kxb6 Bd3 49. Bd1 e3 50. Kc6 e2 51. Bxe2 Bxe2 52. b6 f5 1/2-1/2

[Event "17. Europa ch Juvenil - Masculino s16"]
[Site "Sibenik CRO"]
[Date "2007.09.23"]
[Round "9.6"]
[White "Piorun, Kacper"]
[Black "Nabaty, Tamir"]
[Result "0-1"]
[WhiteElo "2359"]
[BlackElo "2421"]
[PlyCount "52"]
[EventDate "2007.09.14"]
[EventType "swiss"]
[EventRounds "9"]
[EventCountry "CRO"]
[Source "lmi"]
[SourceDate "2007.09.14"]

1. e4 e5 2. Nf3 Nc6 3. Bb5 Nf6 4. O-O Bc5 5. Nxe5 Nxe4 6. Qe2 Nxe5 7. d4 Be7 8.
Qxe4 Ng6 9. f4 O-O 10. f5 d5 11. Qd3 Nh4 12. g3 a6 13. Ba4 b5 14. Bb3 c5 15.
dxc5 Bxc5+ 16. Be3 Bxf5 17. Qc3 Bb6 18. gxh4 d4 19. Qe1 dxe3 20. Rxf5 Qd1 21.
Rxf7 Qxe1+ 22. Rf1+ Kh8 23. Rxe1 e2+ 24. Kg2 Rf2+ 25. Kh3 Re8 26. Kg3 Rf1 0-1

[Event "17. Europa ch Juvenil - Masculino s16"]
[Site "Sibenik CRO"]
[Date "2007.09.23"]
[Round "9.7"]
[White "Recuero Guerra, David"]
[Black "Bulanov, Dmitri"]
[Result "1-0"]
[WhiteElo "2378"]
[BlackElo "2220"]
[PlyCount "77"]
[EventDate "2007.09.14"]
[EventType "swiss"]
[EventRounds "9"]
[EventCountry "CRO"]
[Source "lmi"]
[SourceDate "2007.09.14"]

1. e4 Nf6 2. e5 Nd5 3. d4 d6 4. c4 Nb6 5. exd6 exd6 6. Nc3 Be7 7. Bd3 O-O 8.
Nge2 Nc6 9. O-O Bf6 10. c5 dxc5 11. dxc5 Nd7 12. Qc2 Nb4 13. Bxh7+ Kh8 14. Qb3
a5 15. Bb1 Nxc5 16. Qc4 b6 17. Rd1 Be6 18. Qf4 Qe7 19. Be3 Rad8 20. Nd4 Kg8 21.
Qf3 g6 22. h4 Bxh4 23. a3 Nba6 24. Bc2 Qf6 25. Qe2 Nb8 26. b4 axb4 27. axb4
Ncd7 28. g3 c5 29. Ne4 Qe7 30. Nxe6 Qxe6 31. gxh4 Ne5 32. Ng5 Qf6 33. bxc5 bxc5
34. Rxd8 Rxd8 35. Rd1 Re8 36. Bxc5 Qc6 37. Be3 Nbd7 38. Be4 Qc8 39. Qc2 1-0

[Event "17. Europa ch Juvenil - Masculino s16"]
[Site "Sibenik CRO"]
[Date "2007.09.23"]
[Round "9.8"]
[White "Saatdjian, Thomas"]
[Black "Lomsadze, Davit"]
[Result "1/2-1/2"]
[WhiteElo "2284"]
[BlackElo "2305"]
[PlyCount "102"]
[EventDate "2007.09.14"]
[EventType "swiss"]
[EventRounds "9"]
[EventCountry "CRO"]
[Source "lmi"]
[SourceDate "2007.09.14"]

1. Nf3 Nf6 2. d4 c5 3. d5 d6 4. Nc3 e5 5. e4 g6 6. Bb5+ Nbd7 7. a4 Bg7 8. O-O
O-O 9. Nd2 Nh5 10. Be2 Nf4 11. Bf3 f5 12. Nc4 Nb6 13. Ne3 Qe7 14. Ra3 Nd7 15.
Nc4 a6 16. Re1 Qf6 17. a5 Rb8 18. Rb3 Rd8 19. exf5 gxf5 20. Bxf4 exf4 21. Re6
Qd4 22. Nxd6 Nf8 23. Nxc8 Qxd1+ 24. Nxd1 Nxe6 25. dxe6 c4 26. Ne7+ Kf8 27. Nxf5
Rxd1+ 28. Bxd1 cxb3 29. e7+ Kf7 30. cxb3 Bxb2 31. Bh5+ Ke6 32. e8=Q+ Rxe8 33.
Bxe8 Kxf5 34. Bd7+ Ke5 35. Bc8 Bc3 36. Bxb7 Bxa5 37. Bxa6 Bb4 38. g3 h6 39. Kg2
Bc5 40. Kf3 fxg3 41. fxg3 Bg1 42. h4 Bc5 43. Kg4 Bf2 44. b4 Kf6 45. Bd3 h5+ 46.
Kxh5 Bxg3 47. b5 Kg7 48. b6 Bb8 49. Kg5 Kh8 50. b7 Bh2 51. h5 Bb8 1/2-1/2

[Event "17. Europa ch Juvenil - Masculino s16"]
[Site "Sibenik CRO"]
[Date "2007.09.23"]
[Round "9.9"]
[White "Yilmaz, Mustafa"]
[Black "Hamitevici, Vladimir"]
[Result "0-1"]
[WhiteElo "2204"]
[BlackElo "2333"]
[PlyCount "140"]
[EventDate "2007.09.14"]
[EventType "swiss"]
[EventRounds "9"]
[EventCountry "CRO"]
[Source "lmi"]
[SourceDate "2007.09.14"]

1. e4 c6 2. Nc3 d5 3. Nf3 Bg4 4. h3 Bxf3 5. Qxf3 e6 6. g3 Nf6 7. d3 Bb4 8. Bd2
d4 9. Nb1 Qb6 10. b3 e5 11. Bg2 c5 12. O-O Bxd2 13. Nxd2 Nc6 14. Qe2 Qc7 15. a4
O-O 16. Nc4 b6 17. f4 Rfe8 18. g4 Nd7 19. h4 a6 20. h5 b5 21. Na3 bxa4 22. bxa4
Nb6 23. Nb1 exf4 24. Qd2 Nb4 25. a5 Nd7 26. Na3 Ne5 27. Qxf4 Qxa5 28. h6 Qd8
29. g5 Re6 30. Nc4 Nbc6 31. Kh1 gxh6 32. gxh6 Qf8 33. Bh3 Qxh6 34. Qh2 Rg6 35.
Nxe5 Nxe5 36. Bf5 Qxh2+ 37. Kxh2 Rh6+ 38. Kg3 a5 39. Ra4 Rb6 40. Kf4 f6 41.
Rg1+ Kf7 42. Rh1 Ng6+ 43. Bxg6+ hxg6 44. Rh7+ Ke6 45. Rc7 Kd6 46. Rf7 f5 47.
exf5 gxf5 48. Rf6+ Kc7 49. Rxf5 Rc6 50. Ke4 Kb6 51. Ra2 Rd6 52. Rb2+ Kc6 53.
Rf7 Re8+ 54. Kf5 Kd5 55. Ra2 Re2 56. Kg5 Rg2+ 57. Kh5 Rd8 58. c4+ dxc3 59. Rxg2
Rh8+ 60. Kg4 Rg8+ 61. Kf3 Rxg2 62. Kxg2 c2 63. Rf1 Kd4 64. Kf2 Kxd3 65. Re1 Kd2
66. Re5 c4 67. Re2+ Kc3 68. Re1 Kb2 69. Ke2 a4 70. Ke3 a3 0-1

[Event "17. Europa ch Juvenil - Masculino s16"]
[Site "Sibenik CRO"]
[Date "2007.09.23"]
[Round "9.10"]
[White "Narmontas, Matas"]
[Black "Tofil, Borys"]
[Result "1/2-1/2"]
[WhiteElo "2327"]
[BlackElo "2148"]
[PlyCount "114"]
[EventDate "2007.09.14"]
[EventType "swiss"]
[EventRounds "9"]
[EventCountry "CRO"]
[Source "lmi"]
[SourceDate "2007.09.14"]

1. e4 c5 2. Nf3 e6 3. d4 cxd4 4. Nxd4 Nf6 5. Nc3 d6 6. g4 h6 7. g5 hxg5 8. Bxg5
Nc6 9. Nb3 a6 10. Qe2 Qc7 11. f4 Nd7 12. O-O-O f6 13. Qg4 Nde5 14. fxe5 Nxe5
15. Qg3 fxg5 16. Be2 Be7 17. h4 Bd7 18. hxg5 O-O-O 19. Rhg1 Kb8 20. Kb1 Rc8 21.
Nd4 Qb6 22. Nb3 Rc7 23. Rh1 Rhc8 24. Rh7 Bf8 25. Rf1 a5 26. Qf2 Qxf2 27. Rxf2
a4 28. Nd4 a3 29. Ncb5 Bxb5 30. Bxb5 Rc5 31. Be2 Ng6 32. bxa3 e5 33. Ne6 Rxc2
34. Nxf8 Rxf8 35. Rxf8+ Nxf8 36. Rxg7 Rxe2 37. Rg8 Kc7 38. Rxf8 Rxe4 39. g6 Rg4
40. Rf7+ Kc6 41. g7 Rg2 42. Kc1 b5 43. Kd1 Kd5 44. Rd7 Ke6 45. Rb7 e4 46. Rxb5
Rxg7 47. a4 Rc7 48. a5 Rc4 49. a3 d5 50. Rb4 Rc5 51. Ra4 Rc7 52. a6 Ra7 53. Kd2
Kd6 54. Ke3 Kc5 55. Ra5+ Kc4 56. Ra4+ Kc3 57. Rd4 Rxa6 1/2-1/2